How cells make molecules /

Saved in:
Bibliographic Details
Main Author: Allfrey, Vincent G. (Vincent George), 1921-
Other Authors: Mirsky, A. E.
Format: Book
Language:English
Published: San Francisco : Freeman, 1961.
Series:Scientific American offprints ; no. 92
Subjects:
LEADER 01037nam a22002771a 4500
001 c000174263
003 CARM
005 20041013161203.0
008 900327s1961 cau 0 eng d
019 1 |a 8083921  |5 LACONCORD2021 
035 |a (OCoLC)17604707  |5 LACONCORD2021 
040 |a AUC  |b eng  |c AUC  |d VU 
050 0 0 |a QH631  |b .A4 1961 
082 0 4 |a 574.87  |2 21 
100 1 |a Allfrey, Vincent G.  |q (Vincent George),  |d 1921- 
245 1 0 |a How cells make molecules /  |c by Vincent G. Allfrey and Alfred E. Mirsky. 
260 |a San Francisco :  |b Freeman,  |c 1961. 
300 |a 10 p. ;  |b ill.: ;  |c 26 cm. 
440 0 |a Scientific American offprints ;  |v no. 92 
500 |a Reprinted from Scientific American, September 1961. 
650 0 |a Cytology. 
650 0 |a Cell physiology. 
700 1 |a Mirsky, A. E. 
852 8 |b CARM  |h A3:AF15D0  |i D07283  |p 0244630  |f BK 
999 f f |i 470c6edf-f8d9-590f-961b-c2811011f91c  |s 8ed34054-865b-5080-9474-7942d368483b 
952 f f |p Can circulate  |a CAVAL  |b CAVAL  |c CAVAL  |d CARM 1 Store  |e D07283  |f A3:AF15D0  |h Other scheme  |i book  |m 0244630